banner-ar

FUNDAMENTOS DEL DESARROLLO DEL LENGUAJE / (Record no. 25413)

MARC details
000 -الفاتح
حقل البيانات ثابتة الطول 00512nam a2200193Ia 4500
008 - عناصر البيانات ثابتة الطول - معلومات عامة
حقل البيانات ثابتة الطول 140319s9999 xx 000 0 aRus d
040 ## - مصدر الفهرسة
وكالة الفهرسة الأصلية GCL /
وكالة النسخ GCL
082 04 - رقم تصنيف ديوى العشرى
رقم التصنيف 460
رقم المادة L F
100 1# - المدخل الرئيسى - إسم شخصى
الإسم الشخصى LENNEBERG, ERIC H.
245 10 - بيان العنوان
العنوان FUNDAMENTOS DEL DESARROLLO DEL LENGUAJE /
بيان المسئوليه,etc LENNEBERG, ERIC H.
700 1# - المدخل الاضافى - اسم شخصى
الإسم الشخصى LENNEBERG, ELIZABETH
260 ## - PUBLICATION, DISTRIBUTION, ETC. (IMPRINT)
تاريخ النشر أو التوزيع 1982
300 ## - الوصف المادى
التعداد 612
650 04 - المدخل الاضافى بالموضوع-مصطلح موضوعى
مصطلح موضوعي GRAMMAR
650 04 - المدخل الاضافى بالموضوع-مصطلح موضوعى
مصطلح موضوعي LINGUISTICS
650 04 - المدخل الاضافى بالموضوع-مصطلح موضوعى
مصطلح موضوعي SPANISH LANGUAGE
942 ## - عناصر المدخل الإضافي( كوها)
مصدر التصنيف او مخطط الترفيف Dewey Decimal Classification
Koha [default] item type كتاب
260 ## - PUBLICATION, DISTRIBUTION, ETC. (IMPRINT)
-- [S.N] :
-- ALIANZA EDITORIAL ،
Holdings
حالة التراجع حالة الفقد حالة تلف ليس للاعارة المكان المؤقت الموقع الحالى تاريخ الاكتساب اجمالي اﻻعارات رقم الطلب الباركود تاريخ اخر مشاهدة تاريخ تفعيل السعر نوع وعاء كوها
        مكتبة القاهرة الكبرى مكتبة القاهرة الكبرى 03/26/2014   460\L F 44756 03/26/2014 03/26/2014 كتاب

Powered By

EGPV